Guess the kpop idol (foreign) - Statistics

General Stats
  • This quiz has been taken 179 times
  • The average score is 18 of 28
Answer Stats
Picture Hint Answer % Correct
Thai Lisa
98%
Japanese Niki
93%
Thai Minnie
85%
Chinese Yuqi
85%
Taiwanese Tzuyu
84%
Thai Bambam
78%
Chinese Ningning
77%
Japanese Sana
77%
Ghanaian Swiss-Italian Manon
76%
Chinese The8/Minghao
75%
Thai Natty
74%
Japanese Kazuha
70%
Japanese Sakura
70%
Thai Pharita
68%
Thai Chiquita
66%
Chinese Jackson
65%
Thai Ten
61%
Japanese Yuta
59%
Japanese Soul
58%
Filipina Gehlee
52%
Taiwanese Yangyang
48%
Chinese Zhanghao
48%
Chinese Xiaojun
45%
Chinese Renjun
43%
Chinese Chenle
42%
Chinese Kun
38%
Japanese Haruto
35%
Japanese Asahi
25%
No matching quizzes found
Score Distribution
Percent of People with Each Score
Percentile by Number Answered
Your Score History
You have not taken this quiz